<?xml version="1.0" encoding="UTF-8"?>
<record
    xmlns:xsi="http://www.w3.org/2001/XMLSchema-instance"
    xsi:schemaLocation="http://www.loc.gov/MARC21/slim http://www.loc.gov/standards/marcxml/schema/MARC21slim.xsd"
    xmlns="http://www.loc.gov/MARC21/slim">

  <leader>01375cam a2200385Ia 4500</leader>
  <controlfield tag="001">6997207</controlfield>
  <controlfield tag="003">NMHJTQWA</controlfield>
  <controlfield tag="005">20220326193249.0</controlfield>
  <controlfield tag="008">090127s2008    sz a     b    010 0deng d</controlfield>
  <datafield tag="020" ind1=" " ind2=" ">
    <subfield code="a">9783905829914</subfield>
  </datafield>
  <datafield tag="020" ind1=" " ind2=" ">
    <subfield code="a">3905829916</subfield>
  </datafield>
  <datafield tag="035" ind1=" " ind2=" ">
    <subfield code="a">(OCoLC)ocn286495868</subfield>
  </datafield>
  <datafield tag="035" ind1=" " ind2=" ">
    <subfield code="a">(OCoLC)286495868</subfield>
  </datafield>
  <datafield tag="035" ind1=" " ind2=" ">
    <subfield code="a">(NNC)6997207</subfield>
  </datafield>
  <datafield tag="040" ind1=" " ind2=" ">
    <subfield code="a">BTCTA</subfield>
    <subfield code="c">BTCTA</subfield>
    <subfield code="d">YDXCP</subfield>
    <subfield code="d">OHX</subfield>
    <subfield code="d">BWX</subfield>
    <subfield code="d">NGA</subfield>
    <subfield code="d">OCLCQ</subfield>
  </datafield>
  <datafield tag="041" ind1="1" ind2=" ">
    <subfield code="a">eng</subfield>
    <subfield code="h">ger</subfield>
    <subfield code="h">slv</subfield>
    <subfield code="h">rus</subfield>
  </datafield>
  <datafield tag="043" ind1=" " ind2=" ">
    <subfield code="a">e-xv---</subfield>
    <subfield code="a">ee-----</subfield>
  </datafield>
  <datafield tag="050" ind1=" " ind2="4">
    <subfield code="a">N7255.S56</subfield>
    <subfield code="b">C66 2008</subfield>
  </datafield>
  <datafield tag="082" ind1=" " ind2=" ">
    <subfield code="a">707</subfield>
    <subfield code="b">B479c</subfield>
  </datafield>
  <datafield tag="245" ind1="0" ind2="0">
    <subfield code="a">Continuing dialogues :</subfield>
    <subfield code="b">a tribute to Igor Zabel /</subfield>
    <subfield code="c">edited by Christa Benzer, Christine B&#xF6;hler, Christiane Erharter.</subfield>
  </datafield>
  <datafield tag="260" ind1=" " ind2=" ">
    <subfield code="a">Zurich :</subfield>
    <subfield code="b">JRP Ringier ;</subfield>
    <subfield code="a">[New York] :</subfield>
    <subfield code="b">D.A.P./Distributed Art Publishers [distributor],</subfield>
    <subfield code="c">[2009]</subfield>
  </datafield>
  <datafield tag="300" ind1=" " ind2=" ">
    <subfield code="a">213 p. :</subfield>
    <subfield code="b">ill. (some col.) ;</subfield>
    <subfield code="c">25 cm.</subfield>
  </datafield>
  <datafield tag="490" ind1="1" ind2=" ">
    <subfield code="a">Tranzit series</subfield>
  </datafield>
  <datafield tag="504" ind1=" " ind2=" ">
    <subfield code="a">"Igor Zabel bibliography: selected bibliography 1985-2005": (p. 201-212).</subfield>
  </datafield>
  <datafield tag="600" ind1="1" ind2="0">
    <subfield code="a">Zabel, Igor.</subfield>
    <subfield code="9">487</subfield>
  </datafield>
  <datafield tag="650" ind1=" " ind2="0">
    <subfield code="a">Art, Slovenian</subfield>
    <subfield code="y">20th century.</subfield>
    <subfield code="9">488</subfield>
  </datafield>
  <datafield tag="650" ind1=" " ind2="0">
    <subfield code="a">Art, East European</subfield>
    <subfield code="y">20th century.</subfield>
    <subfield code="9">489</subfield>
    <subfield code="v">Arte eslovenio</subfield>
    <subfield code="v">Investigaci&#xF3;n - educaci&#xF3;n</subfield>
  </datafield>
  <datafield tag="700" ind1="1" ind2=" ">
    <subfield code="a">Zabel, Igor.</subfield>
    <subfield code="9">490</subfield>
  </datafield>
  <datafield tag="700" ind1="1" ind2=" ">
    <subfield code="a">Benzer, Christa.</subfield>
    <subfield code="9">491</subfield>
  </datafield>
  <datafield tag="700" ind1="1" ind2=" ">
    <subfield code="a">B&#xF6;hler, Christine.</subfield>
    <subfield code="9">492</subfield>
  </datafield>
  <datafield tag="700" ind1="1" ind2=" ">
    <subfield code="a">Erharter, Christiane.</subfield>
    <subfield code="9">493</subfield>
  </datafield>
  <datafield tag="830" ind1=" " ind2="0">
    <subfield code="a">Tranzit (Series)</subfield>
    <subfield code="9">494</subfield>
  </datafield>
  <datafield tag="948" ind1="1" ind2=" ">
    <subfield code="a">20090619</subfield>
    <subfield code="b">c</subfield>
    <subfield code="c">fra1</subfield>
    <subfield code="d">SCMC</subfield>
  </datafield>
  <datafield tag="999" ind1=" " ind2=" ">
    <subfield code="c">98</subfield>
    <subfield code="d">98</subfield>
  </datafield>
  <datafield tag="952" ind1=" " ind2=" ">
    <subfield code="0">0</subfield>
    <subfield code="1">0</subfield>
    <subfield code="2">ddc</subfield>
    <subfield code="4">0</subfield>
    <subfield code="7">0</subfield>
    <subfield code="a">LV</subfield>
    <subfield code="b">LV</subfield>
    <subfield code="c">Pensamiento</subfield>
    <subfield code="d">2014-05-03</subfield>
    <subfield code="l">0</subfield>
    <subfield code="o">707 B479c</subfield>
    <subfield code="p">000104</subfield>
    <subfield code="r">2014-05-03 00:00:00</subfield>
    <subfield code="w">2014-05-03</subfield>
    <subfield code="y">01</subfield>
  </datafield>
</record>
